000 00306nam a2200121Ia 4500
008 220216s9999 xx 000 0 und d
100 _aJames R G
245 0 _aLatex thread and its industrial applications
260 _bIRI Transactions
_c1949
300 _a220-226
650 _aLatex thread
942 _cJS
999 _c62092
_d62092